Statistiques concernant Eval des duos - Star Académy 2022 (Semaine 3)

Cliquez ici pour prendre le quiz!

Statistiques générales

  • Ce quiz a été pris 235 fois
  • Le résultat moyen est 4 sur 5

Statistiques - réponses

HintRéponse% Correct
LéaTiana
94%
EnolaLouis
91%
StanislasChris
89%
CarlaPaola
89%
AnishaJulien
87%

Distribution des résultats

Percentile par nombre de réponses

% des personnes avec chaque résultat

Votre développement - résultats

Vous n’avez pas pris ce quiz